The History and Culture of Science in Bharata, Vol-II (Record no. 52391)

MARC details
000 -LEADER
fixed length control field 00603nam a22001937a 4500
003 - CONTROL NUMBER IDENTIFIER
control field OSt
008 - FIXED-LENGTH DATA ELEMENTS--GENERAL INFORMATION
fixed length control field 260627b |||||||| |||| 00| 0 eng d
020 ## - INTERNATIONAL STANDARD BOOK NUMBER
International Standard Book Number 9798885751551
082 ## - DEWEY DECIMAL CLASSIFICATION NUMBER
Classification number 508.54
Item number C49H
100 ## - MAIN ENTRY--PERSONAL NAME
Personal name Chauhan, Bhag Chand
245 ## - TITLE STATEMENT
Title The History and Culture of Science in Bharata, Vol-II
Statement of responsibility, etc. Chauhan, Bhag Chand
260 ## - PUBLICATION, DISTRIBUTION, ETC. (IMPRINT)
Place of publication, distribution, etc Gurugram, Haryana
Name of publisher, distributor, etc Garuda Prakashan
Date of publication, distribution, etc 2024
300 ## - PHYSICAL DESCRIPTION
Extent xlvii., 453 p.
365 ## - TRADE PRICE
Price note 799.00, INR
650 ## - SUBJECT ADDED ENTRY--TOPICAL TERM
Topical term or geographic name as entry element Science $z India $x History.
650 ## - SUBJECT ADDED ENTRY--TOPICAL TERM
Topical term or geographic name as entry element Science and civilization $x History.
650 ## - SUBJECT ADDED ENTRY--TOPICAL TERM
Topical term or geographic name as entry element Science $x Social aspects $z India.
942 ## - ADDED ENTRY ELEMENTS (KOHA)
Source of classification or shelving scheme
Koha item type Books
Holdings
Withdrawn status Lost status Source of classification or shelving scheme Damaged status Not for loan Home library Current library Shelving location Date acquired Source of acquisition Currency Cost, normal purchase price Total Checkouts Full call number Barcode Date last seen Bill Date Koha item type Public note Bill Number
          Dr. Rajendra Prasad Central Agricultural University Pusa, Dr. Rajendra Prasad Central Agricultural University Pusa, General Stacks 27/06/2026 TTPP, New Delhi INR 799.00   508.54 C49H 87692 27/06/2026 29/01/2026 Books Volume-II IN-00449
Hosted, Implemented, Customized & Maintained by: BestBookBuddies

Powered by Koha